000 00424nam a2200157Ia 4500
008 230718s9999 xx 000 0 und d
041 _aeng
082 _a621.1
_bKHU
100 _aKhurmi R.S.
_9141538
245 _aSteam Tables With Mollier Diagram SI Unit
260 _c1994
_bS.Chand And Company Ltd.
300 _a32
365 _cRs.
_b12.00
700 _aKhurmi R.S.
_9141538
906 _dB:56824-Nov-1994
_cMECH
_b1.8
999 _c292878
_d292878